World masters proverbs / (Record no. 103001)
[ view plain ]
| 000 -LEADER | |
|---|---|
| fixed length control field | 00401nam a2200157 a 4500 |
| 005 - DATE AND TIME OF LATEST TRANSACTION | |
| control field | 20140412111248.0 |
| 008 - FIXED-LENGTH DATA ELEMENTS--GENERAL INFORMATION | |
| fixed length control field | 001116s19uu xx 00 eng d |
| 020 ## - INTERNATIONAL STANDARD BOOK NUMBER | |
| International Standard Book Number | 0-86272-928-9 |
| 050 ## - LIBRARY OF CONGRESS CALL NUMBER | |
| Classification number | M 398.9 |
| Item number | Pr94 1992 |
| 100 ## - MAIN ENTRY--PERSONAL NAME | |
| Personal name | Beal, George |
| 245 ## - TITLE STATEMENT | |
| Title | World masters proverbs / |
| Statement of responsibility, etc | George Beal. |
| 260 ## - PUBLICATION, DISTRIBUTION, ETC. (IMPRINT) | |
| Place of publication, distribution, etc | London : |
| Name of publisher, distributor, etc | Kingfisher Books. |
| 300 ## - PHYSICAL DESCRIPTION | |
| Extent | 32 p. |
| 650 ## - SUBJECT ADDED ENTRY--TOPICAL TERM | |
| Topical term or geographic name as entry element | Proverbs |
| Withdrawn status | Lost status | Damaged status | Use restrictions | Home library | Current library | Shelving location | Date acquired | Source of acquisition | Total Checkouts | Full call number | Barcode | Date last seen | Price effective from | Koha item type |
|---|---|---|---|---|---|---|---|---|---|---|---|---|---|---|
| Elizalde Library | Elizalde Library | Main Section | 11/16/2000 | M 398.9 Pr94 1992 | E3565 | 04/12/2014 | 04/12/2014 | Books |